000
00289nam a2200109Ia 4500
008
190912s9999||||xx |||||||||||||| ||und||
100
_a
Ishtiaq Husain
245
4
_a
The Muslim Community of The Indo-Pakistan Subcontinent
260
_a
karachi
_b
Addision
_c
1999
300
_a
388
942
_c
BK
999
_c
7470
_d
7470